हिमालयी सौका सांस्कृतिक धरोहर-II : (Record no. 121652)

MARC details
000 -LEADER
fixed length control field 01314nam a22002537a 4500
005 - DATE AND TIME OF LATEST TRANSACTION
control field 20170124103218.0
010 ## - LIBRARY OF CONGRESS CONTROL NUMBER
LC control number B-090464
020 ## - INTERNATIONAL STANDARD BOOK NUMBER
Terms of availability 150.00
International Standard Book Number 8179650472
035 ## - SYSTEM CONTROL NUMBER
System control number B-090464
037 ## - SOURCE OF ACQUISITION
Source of stock number/acquisition Cen Lib/Ret
040 ## - CATALOGING SOURCE
Original cataloging agency DPL
Language of cataloging HN
082 ## - DEWEY DECIMAL CLASSIFICATION NUMBER
Classification number 306.095496
Item number धकरि
100 ## - MAIN ENTRY--PERSONAL NAME
Personal name धकरियाल, डूँगर सिंह
9 (RLIN) 8559
245 ## - TITLE STATEMENT
Title हिमालयी सौका सांस्कृतिक धरोहर-II :
Statement of responsibility, etc डूँगर सिंह धकरियाल
Remainder of title लोकगीत-कुमाऊनी और हिन्दी अर्थों सहित /
246 ## - VARYING FORM OF TITLE
Title proper/short title Himalayi sauka sanskritik dharohar-II : lokgeet-kumauni aur hindi arthon sahit /
Remainder of title by Dungar Singh Dhakriyal
260 ## - PUBLICATION, DISTRIBUTION, ETC. (IMPRINT)
Place of publication, distribution, etc नई दिल्ली
Name of publisher, distributor, etc तक्षशिला प्रकाशन
Date of publication, distribution, etc 2004
270 ## - ADDRESS
City नई दिल्ली
Address 23/4761, अंसारी रोड, दरियागंज
Postal code 110002
300 ## - PHYSICAL DESCRIPTION
Extent xxvii,112पृ.
Dimensions 20सेमी(सजिल्द)
650 ## - SUBJECT ADDED ENTRY--TOPICAL TERM
Topical term or geographic name as entry element संस्कृति और संस्थानों
9 (RLIN) 45021
650 ## - SUBJECT ADDED ENTRY--TOPICAL TERM
Topical term or geographic name as entry element संस्कृति - भारत
9 (RLIN) 100098
650 ## - SUBJECT ADDED ENTRY--TOPICAL TERM
Topical term or geographic name as entry element Culture and institutions
9 (RLIN) 100099
650 ## - SUBJECT ADDED ENTRY--TOPICAL TERM
Topical term or geographic name as entry element Culture -- India
9 (RLIN) 78280
942 ## - ADDED ENTRY ELEMENTS (KOHA)
Source of classification or shelving scheme Dewey Decimal Classification
Koha item type Hindi Books
Classification part 306.095496
Call number suffix धकरि
Holdings
Withdrawn status Lost status Damaged status Not for loan Home library Current library Date acquired Source of acquisition Cost, normal purchase price Total Checkouts Full call number Barcode Date last seen Copy number Cost, replacement price Price effective from Koha item type
        Central Library Central Library 12/10/2015 Cen Lib/Ret 150.00   306.095496 धकरि B-090464 12/10/2015 1 150.00 12/10/2015 Hindi Books

© Delhi Public Library
Hit Counter
free hit counter